| 000 | 00605 a2200181 4500 | ||
|---|---|---|---|
| 003 | NUST | ||
| 038 | _aa | ||
| 082 | _aBEE-5 | ||
| 100 |
_aMuhammad Ehtisham Asghar _993403 |
||
| 245 |
_aHybrid power generation to glow the dome of SEECS _cMuhammad Ehtisham Asghar |
||
| 260 |
_aIslamabad _bNUST-SEECS _c2012 |
||
| 300 |
_a117p. _b;ill. _c;27cm.+ _eCD ROM |
||
| 500 | _aSupervisors: Mr. Abid Mushtaq, Mr. Maajid Maqbool, Dr. Habib ur Rehman | ||
| 563 | _aa | ||
| 700 |
_aMuhammad Zubair, Usman Hassan _993404 |
||
| 856 | _uhttp://10.250.8.41:8080/xmlui/handle/123456789/10805 | ||
| 942 |
_cTHE _kBEE-5 EHT _2ddc |
||
| 999 |
_c11303 _d11303 |
||